La tradición política norteamericana: y los hombres que la formaron
Wedi'i Gadw mewn:
| Prif Awdur: | |
|---|---|
| Fformat: | Llyfr |
| Iaith: | Sbaeneg |
| Cyhoeddwyd: |
Ciudad de México
Fondo de Cultura Económica
1984
|
| Cyfres: | Obras de Política y Derecho
|
| Pynciau: | |
| Tagiau: |
Ychwanegu Tag
Dim Tagiau, Byddwch y cyntaf i dagio'r cofnod hwn!
|
MARC
| LEADER | 00000nam a2200000 a 4500 | ||
|---|---|---|---|
| 001 | UCS2426 | ||
| 003 | CL-VaPUC | ||
| 008 | 970526e19840000MX |||||||||||||||||spa|d | ||
| 082 | 0 | 4 | |a 320.973 |b HOF |2 21 |
| 100 | |a Hofstadter, Richard |e author |9 452725 | ||
| 245 | 1 | 3 | |a La tradición política norteamericana: y los hombres que la formaron |
| 300 | |a 375 p | ||
| 942 | |c BK | ||
| 945 | |d 19970526 00:00:00 |a lriquelm | ||
| 260 | |a Ciudad de México |b Fondo de Cultura Económica |c 1984 | ||
| 600 | 0 | |a Jefferson, Thomas |d 1743-1826 |9 719853 | |
| 600 | 0 | 7 | |a JACKSON, ANDREW |2 CL-VaPUC |9 376307 |
| 600 | 0 | 7 | |a CALHOUN, JOHN C |2 CL-VaPUC |9 376308 |
| 600 | 0 | |a Lincoln, Abraham, |d 1809-1865 |9 321765 | |
| 600 | 0 | 7 | |a PHILLIPS, WENDELL |2 CL-VaPUC |9 376309 |
| 600 | 0 | 7 | |a BRYAN, WILLIAM JENNINGS |2 CL-VaPUC |9 376310 |
| 600 | 0 | 7 | |a ROOSEVELT, THEODORE |2 CL-VaPUC |9 373980 |
| 600 | 0 | 7 | |a WILSON, WOODROW |2 CL-VaPUC |9 376311 |
| 600 | 0 | 7 | |a HOOVER, HERBERT |2 CL-VaPUC |9 376312 |
| 600 | 0 | 7 | |a ROOSEVELT, FRANKLIN D |2 CL-VaPUC |9 381949 |
| 650 | 0 | |a Política |9 255312 | |
| 650 | 7 | |a TEORIA POLITICA |2 CL-VaPUC |9 387843 | |
| 650 | 7 | |a SISTEMAS POLITICOS |2 CL-VaPUC |9 387844 | |
| 650 | 0 | |a Doctrinas políticas |9 255835 | |
| 650 | 0 | |a Capitalismo |9 255255 | |
| 650 | 0 | |a Democracia |9 255256 | |
| 650 | 0 | |a Liberalismo |9 255715 | |
| 651 | 0 | |a Estados Unidos |9 255178 | |
| 583 | |a last modification |c 19970526 00:00:00 |k Rodrigo Vera | ||
| 490 | 0 | |a Obras de Política y Derecho | |
| 999 | |c 260385 |d 260383 | ||
| 952 | |0 0 |1 0 |4 0 |6 320_973000000000000_HOF_1984 |7 0 |8 A |9 286476 |a BIBDER |b BIBDER |d 2019-11-19 |i 1862855 |o 320.973 HOF 1984 |p 1862855 |r 2023-01-25 |w 2019-11-19 |y BK |k DER | ||
| 952 | |0 0 |1 0 |4 0 |6 320_973000000000000_HOF_1984 |7 0 |8 A |9 286477 |a BIBHIS |b BIBHIS |d 2019-11-19 |i 1384325 |o 320.973 HOF 1984 |p 1384325 |r 2025-01-20 |w 2019-11-19 |y BK |k HIS | ||